[Event "Linares Anibal op 07th"]
[Site "Linares"]
[Date "2000.01.09"]
[Round "3"]
[White "Zvjaginsev, Vadim"]
[Black "Svetushkin, Dmitry"]
[Result "1-0"]
[WhiteElo "2652"]
[BlackElo "2486"]
[Annotator "Horn,Pe"]
[PlyCount "77"]
[EventDate "2000.01.07"]
[EventType "swiss"]
[EventRounds "10"]
[EventCountry "ESP"]
[SourceTitle "CBM 075"]
[Source "ChessBase"]
[SourceDate "2000.04.05"]
[SourceVersion "1"]
[SourceVersionDate "2000.04.05"]
[SourceQuality "1"]

1. Nf3 d5 2. c4 dxc4 3. e3 Nf6 4. Bxc4 e6 5. O-O c5 6. Qe2 ({Hier oder auch
später kann Weiß mit} 6. d4 {ins angenommene Damengambit überleiten.}) 6... a6
7. Bb3 (7. Rd1 b5 8. Bb3 Bb7 9. a4 Qb6 (9... c4 $6 10. Bc2 Qb6 11. axb5 axb5
12. Rxa8 Bxa8 13. d3 cxd3 14. Bxd3 $14 {Vujic Katanic,B-Savic,M/Vrnjacka Banja
1999}) 10. d4 {ist eine Nebenvariante im angenommenen Damengambit.}) (7. d4)
7... b5 $146 (7... Nc6 8. Rd1 Be7 9. d4 cxd4 10. exd4 {->Damengambit}) (7... b6
{Ein Zugeständnis.} 8. d4 Bb7 9. Nc3 Be7 10. dxc5 Bxc5 11. e4 Qc7 12. e5 Nfd7
13. Bf4 Bc6 14. Ng5 $14 {Arsovic,Z-Peric,S/Niksic 1997}) 8. a4 {Weiß versucht,
b7-b5 als Schwächung nachzuweisen.} b4 (8... c4 9. Bc2 Bb7 10. d3 cxd3 11. Bxd3
$14) 9. d3 $5 {Konsequent.} (9. d4) 9... Nc6 10. Nbd2 Na5 11. Ba2 Bb7 12. e4 {
[%csl Rb7]} Be7 13. Nc4 Nxc4 (13... b3 $2 14. Nxa5 $16) 14. Bxc4 Qc7 15. Ng5 {
[%cal Yf2f4,Yf4f5]} h6 16. Nh3 g5 17. f4 O-O-O $5 (17... g4 18. Nf2 Rg8 {
wäre ein Spiel auf ein Tor (das schwarze).}) 18. fxg5 hxg5 19. Bxg5 ({
Vielleicht konnte Weiß mit dem verwickelten} 19. e5 {mehr erreichen:} Nd5 (
19... Rxh3 20. gxh3 Qc6 21. exf6 Qh1+ 22. Kf2 Qxh2+ 23. Ke1 $18) (19... Nd7 20.
Rxf7 $18) 20. Rxf7 Qc6 (20... Rxh3 21. gxh3 Nf4 (21... Qc6 22. Qf3) 22. Bxf4
gxf4 23. Qg4 $18) (20... Rdf8 21. Rxf8+ Rxf8 22. Nxg5 $16) (20... g4 21. Nf4
Nxf4 22. Bxf4 $16) 21. Bxg5 $1 ({aber nicht} 21. Bxd5 $2 Qxd5 22. Rxe7 Rxh3 23.
Rxb7 (23. gxh3 Qh1+ 24. Kf2 Rf8+ 25. Ke3 Qg1+ 26. Kd2 Rf2 $17) 23... Rxd3 24.
Rf7 Qd4+ 25. Be3 Qxe3+ 26. Qxe3 Rxe3 $17) 21... Rxh3 (21... Bxg5 22. Nxg5 $16)
(21... Rdg8 22. Bxe7 Rxh3) 22. Bxe7 Nxe7 23. Rxe7 Re3 24. Qg4 $16) 19... Rdg8
$1 20. Bf4 $8 Bd6 21. Qf3 (21. Bxd6 $2 Qxd6 22. Rxf6 Rxh3 23. g3 Rhxg3+ $19)
21... Ng4 $44 {[%cal Rh8h3]} (21... Rxh3 $2 22. Bxd6 Rxf3 23. Bxc7 Rxf1+ 24.
Rxf1 $18) 22. Kh1 Kb8 (22... Bxf4 $6 23. Qxf4 Qxf4 24. Rxf4 $16) (22... Rg6 $5)
23. Rae1 Ka8 24. Bb3 (24. Bxa6 $5 Bxa6 25. e5+ Qb7 (25... Bb7 $2 26. exd6 Bxf3
27. dxc7 Bxg2+ 28. Kxg2 Ne3+ 29. Kh1 Nxf1 30. Ng1 $18) 26. exd6 Qxf3 27. Rxf3
Bb7 28. Ref1 Bxf3 29. Rxf3 $14) 24... Rg6 25. Bd1 f5 26. Bxd6 Qxd6 27. Qf4 Qd4
$1 (27... Ne5 28. Bf3) ({Auf} 27... Qxd3 {war Weiß vorbereitet:} 28. Bf3 Bxe4
29. Bxe4+ fxe4 30. Qc7 $16) 28. b3 ({Jetzt ist} 28. Bf3 $2 {verhindert:} Rxh3
$1 29. gxh3 Nf2+ 30. Rxf2 Qxf2 $19 {[%cal Rg6g2]}) ({Nach} 28. Bxg4 Rxg4 29.
Qf2 Qe5 $17 {beherrscht Schwarz die Lage.}) 28... Ka7 ({Schwarz konnte auch
gleich} 28... Ne5 {spielen:} 29. Nf2 Rgh6 30. h3 Nxd3 31. Nxd3 Qxd3 $17) 29. a5
Ne5 30. Nf2 Rgh6 (30... Rhg8 31. Rg1) 31. h3 Nxd3 (31... Rh4) 32. Nxd3 Qxd3 33.
Re3 Qd2 $2 ({Noch besser war} 33... Qd4 $17 34. Be2 (34. Bc2 Rh4 35. Qf2) 34...
e5 35. Qf2 f4 36. Rd3 Bxe4) 34. Be2 Rh4 (34... e5 35. Qf2 Qd4 36. Kh2 (36. Rd1
$2 Rxh3+ $1 37. gxh3 Rxh3+ $19) 36... f4 (36... Bxe4 37. Rd1 Qb2 38. Rxe4 $1
fxe4 39. Qxc5+ Ka8 40. Qc4 $18) (36... fxe4 37. Rd1 $14) 37. Rd3 Qxf2 38. Rxf2
Bxe4 39. Rd7+ Kb8 40. Re7 $14) 35. Qf2 fxe4 36. Kg1 Rf8 (36... Qd6 37. Rd1 Qe7
$11) 37. Rf3 Rc8 $2 {Schade!} (37... Rxf3 38. Qxc5+ Ka8 39. gxf3 Rh8 40. fxe4
Qxe2 41. Rf8+ Rxf8 42. Qxf8+ $11) 38. Rf7 Qd4 39. Rd1 (39. Rd1 Qxf2+ 40. Kxf2
Kb8 41. Rdd7 Bd5 42. Bxa6 $18) 1-0

[Event "Sochi Chigorin Memorial"]
[Site "Sochi"]
[Date "1990.??.??"]
[Round "?"]
[White "Panchenko, Alexander N"]
[Black "Ruban, Vadim"]
[Result "0-1"]
[WhiteElo "2430"]
[BlackElo "2555"]
[Annotator "Horn,Pe"]
[PlyCount "58"]
[EventDate "1990.10.??"]
[EventType "tourn"]
[EventRounds "11"]
[EventCountry "URS"]
[EventCategory "7"]
[SourceTitle "CBM 021"]
[Source "ChessBase"]
[SourceDate "1991.04.01"]
[SourceVersion "1"]
[SourceVersionDate "1991.04.01"]
[SourceQuality "1"]

1. Nf3 d5 2. c4 d4 3. e3 c5 4. exd4 cxd4 5. d3 Nc6 6. g3 e5 7. Bg2 Bd6 8. O-O
Nge7 {Es ist ein modernes Benoni mit vertauschten Farben entstanden. Weiß hat
ein Mehrtempo.} 9. Re1 (9. a3) (9. Na3) 9... O-O 10. Nbd2 (10. Na3 $5) 10...
Ng6 11. a3 a5 12. b3 (12. Ne4 $5 Bc7 13. c5 $13) (12. Qc2 Re8 13. b3 h6 $6 (
13... Bf8 {->Partie}) 14. Rb1 Be6 15. h4 (15. c5 Bf8 16. b4 axb4 17. axb4 Ra2
$15 {Aljechin}) 15... Rc8 $2 (15... Qe7 16. h5 (16. Qb2 f6) 16... Nf8 17. c5
Bxc5 18. Nxe5 Nxe5 19. Rxe5 Bd6 {/\ Rac8=/+ Aljechin}) 16. c5 $1 $16 {
Capablanca-Janowski, New York 1924}) 12... Re8 13. Qc2 Bf8 $5 14. Rb1 Be6 $1 {
gegen die weiße Expansion mit c5 und b4} 15. c5 $6 (15. h4 $5) 15... Bd5 16. b4
$2 (16. Nc4 $2 Bxc5 17. Ncxe5 Ncxe5 18. Nxe5 Rxe5 19. Rxe5 Nxe5 20. Qxc5 Nf3+
21. Bxf3 Bxf3 $17) 16... axb4 17. axb4 b5 $1 $17 18. h4 (18. cxb6 Bxb4 $17)
18... Ra4 19. h5 Nh8 20. Qd1 Rxb4 21. Rxb4 Nxb4 22. Rxe5 Rxe5 23. Nxe5 Bxg2 24.
Kxg2 Qd5+ 25. Ndf3 f6 26. Ng4 Nf7 $1 (26... Bxc5 27. h6 $146) 27. h6 f5 28.
Ngh2 g6 29. Qe2 Qxc5 0-1

[Event "Balkaniad"]
[Site "Kavala"]
[Date "1990.??.??"]
[Round "3"]
[White "Velikov, Petar"]
[Black "Badea, Bela"]
[Result "1-0"]
[WhiteElo "2495"]
[BlackElo "2480"]
[Annotator "Horn,Pe"]
[PlyCount "115"]
[EventDate "1990.10.??"]
[EventType "team"]
[EventRounds "6"]
[EventCountry "GRE"]
[SourceTitle "CBM 021"]
[Source "ChessBase"]
[SourceDate "1991.04.01"]
[SourceVersion "1"]
[SourceVersionDate "1991.04.01"]
[SourceQuality "1"]

1. Nf3 c5 2. c4 Nf6 3. g3 d5 4. Bg2 Nc6 5. O-O d4 6. e3 e5 7. exd4 exd4 8. d3
Be7 9. Bf4 O-O 10. Ne5 Nxe5 11. Bxe5 Ng4 12. Bf4 Bd6 13. h3 (13. Bxd6 Qxd6 14.
Nd2 Ne5 15. Ne4 Qc7 16. h3 Bf5 $10 {Kasparov}) 13... Nf6 (13... Bxf4 14. hxg4
$14) 14. Bg5 h6 15. Bxf6 Qxf6 16. Nd2 Qd8 (16... Qg6 17. Re1 Kh8 (17... Qxd3 $4
18. Be4) 18. Ne4 (18. Qf3 $5) 18... Be7 19. f4 Bd7 20. Kh2 Rae8 $10 {
Panno-Timman, Buenos Aires 1980}) 17. Re1 Rb8 (17... Bf5 18. Bxb7 Rb8 19. Be4
Bxe4 20. Rxe4 Rxb2 21. Nb3 Qf6 22. f4) 18. Qh5 $14 b6 (18... Qg5 $5 19. Qxg5
hxg5 $14) 19. Re2 Re8 20. Rae1 Rxe2 21. Rxe2 Bb7 22. Bd5 Bxd5 23. Qxd5 Bf8 24.
Qf5 Qc8 25. Qh5 Ra8 26. Qf3 Rb8 27. h4 Qd7 28. Kg2 a6 29. h5 Qa4 30. Qf4 Rc8
31. Nf3 Qc6 (31... Qxa2 32. Qf5 Rc7 (32... Rb8 33. Ne5 Rb7 34. Nd7 $18) (32...
Rd8 33. Ne5 f6 34. Qe6+ Kh7 35. Nf7 Rb8 36. Qf5+ Kg8 37. Qg6 $40) 33. Re8 Qa4
34. Qe4 {/\ Qa8+-}) 32. Re4 b5 33. b3 Bd6 34. Qf5 bxc4 35. bxc4 Rb8 36. Ne5
Bxe5 37. Qxe5 Rb2 38. Qd5 Qxd5 39. cxd5 Kf8 (39... Rb6 40. Re8+ Kh7 41. Rc8 $16
) (39... Rb8 $5 40. Re5 Rd8 41. d6 Rxd6 42. Rxc5 $16 {/\ Kf3-e4, Rd5}) 40. d6
Rb7 41. Re5 Rd7 42. Rd5 g5 43. Kf3 Kg7 44. Ke4 Kf6 45. f3 Ke6 46. Rxc5 Rxd6 47.
Re5+ Kf6 48. Rd5 Rb6 49. Ra5 Ke6 50. g4 f6 51. Kxd4 Rb4+ 52. Ke3 Rb6 53. Ke4
Rb4+ 54. d4 Rb6 55. Rc5 Kd6 56. Kf5 Rb4 57. Ra5 Rxd4 58. Kxf6 1-0

[Event "Olympiad-34"]
[Site "Istanbul"]
[Date "2000.11.06"]
[Round "9.1"]
[White "Ftacnik, Lubomir"]
[Black "Ehlvest, Jaan"]
[Result "1-0"]
[WhiteElo "2608"]
[BlackElo "2627"]
[Annotator "Horn,Pe"]
[PlyCount "63"]
[EventDate "2000.10.28"]
[EventType "team-swiss"]
[EventRounds "14"]
[EventCountry "TUR"]
[SourceTitle "EXT 2001"]
[Source "ChessBase"]
[SourceDate "2000.11.22"]
[SourceVersion "1"]
[SourceVersionDate "2000.11.22"]
[SourceQuality "1"]
[WhiteTeam "Slovakia"]
[BlackTeam "Estonia"]
[WhiteTeamCountry "SVK"]
[BlackTeamCountry "EST"]

1. Nf3 d5 2. c4 d4 3. e3 Nc6 4. Nxd4 Nxd4 5. exd4 Qxd4 6. d3 e5 7. Nc3 Ne7 8.
Be3 Qd7 ({Der übliche Zug ist} 8... Qd8 {. Die schwarzen Ergebnisse damit sind
gar nicht schlecht, so daß es interessant gewesen wäre, zu sehen, was Ftacnik
hier beabsichtigt hatte.} 9. d4 (9. Qe2) (9. g4) (9. Be2) 9... exd4 10. Qxd4
Qxd4 11. Bxd4 Nc6 (11... Nf5 12. Be5 c6 13. O-O-O f6 14. Bf4 h5 15. Bd3 Kf7 16.
Rhe1 Bb4 $14 {Ftacnik,L-Karner,H/Tallinn 1981}) 12. Be3 Bb4 13. Rc1 (13. Bf4
Be6 14. Bxc7 Rc8 15. Bf4 Na5 $15 {Timurova,L-Prudnikova,S/Halle 2000}) 13...
Bf5 14. c5 {Osnos} (14. a3 Bd6 $132 {Barle,J-Nikolic,P/Ljubljana 1985}) 14...
O-O-O 15. a3 Bxc3+ 16. Rxc3 Ne5 17. Be2 Rhe8 18. O-O Bd3 19. Bxd3 Nxd3 20. b4
$11 {Langeweg-Hort/Amsterdam 1978 (nach Zugumstellung)}) 9. d4 (9. Be2 Nf5 10.
Bg4 Bb4 11. Qb3 Qe7 12. Bxf5 Bxf5 13. O-O-O Bxc3 14. Qxc3 O-O (14... O-O-O $5)
15. d4 exd4 16. Bxd4 c5 $132 {Blatny,P-Hertneck,G/Austria 1999}) 9... Nf5 ({Mit
} 9... exd4 10. Qxd4 Qxd4 (10... Nf5 $5) 11. Bxd4 {könnte immer noch die
Hauptfortsetzung entstehen.}) 10. dxe5 Nxe3 (10... Qxd1+ 11. Nxd1 $5 {Osnos})
11. fxe3 {Hier ist ein Vorzug von 8..Qd7 gegenüber Qd8 erkennbar: der
Zwischentausch auf d8 entfällt.} Bc5 12. Qd5 (12. Nd5 c6 13. e6 fxe6 14. Nf6+
gxf6 15. Qh5+ Qf7 16. Qxc5 e5 $11) 12... Bxe3 13. Rd1 Bg5 (13... Qe7 {gefällt
mir besser:} 14. Qe4 Bb6 15. Nd5 Ba5+ 16. Kf2 Qc5+ $132) 14. Qc5 $1 Qe7 (14...
Qc6 15. Qxc6+ bxc6 16. g3 $16 {[%cal Yf1g2]}) (14... Be7 15. Rxd7 Bxc5 16. Rxc7
$16) 15. Qxe7+ Bxe7 16. Be2 O-O 17. O-O (17. Nd5 Bd8 {[%cal Yc7c6] ist ein
Schlag ins Wasser.}) 17... c6 18. Ne4 {[%cal Ye4d6]} Be6 19. Nd6 {Mit diesem N
braucht Weiß sich wenig Sorgen machen, vom Läuferpaar erdrückt zu werden.} a5 (
19... Rad8 $5) 20. Rf4 f6 (20... Rad8) 21. exf6 Rxf6 (21... Bxf6 22. Nxb7 Rfb8
(22... Bxb2 23. Rxf8+ Kxf8 24. Nd8 $16) 23. Bf3 Rxb7 24. Bxc6 Rab8 25. Bxb7
Rxb7 26. b3 $16) 22. Rxf6 gxf6 ({Nach} 22... Bxf6 23. Nxb7 Rb8 (23... Bxb2 24.
Nd8 $16) 24. Nxa5 Rxb2 25. Bf1 $16 {bleibt Weiß ein Mehrbauer.}) 23. b3 (23.
Nxb7 Rb8 24. Nxa5 Rxb2 25. Nxc6 Bc5+ 26. Kf1 Rxa2 {[%csl Ga2,Gc5] beschert
Schwarz mehr Gegenspiel als die oben angegebenen Varianten.}) 23... b6 24. Bf3
Rd8 25. c5 bxc5 (25... Bd5 26. Bxd5+ cxd5 27. Rxd5 $16 Bxd6 28. Rxd6 Rxd6 29.
cxd6 Kf7 30. Kf2 Ke6 31. Ke3 Kxd6 32. Kd4) 26. Nb7 Rxd1+ 27. Bxd1 a4 $2 {
Beschert dem Weißen einen kräftigen Freibauern.} (27... c4 $142 28. Nxa5 (28.
bxc4 Bb4) 28... c3 29. Bc2 Bd5 $14 {und ich sehe keinen weißen Gewinn.}) 28.
bxa4 Bxa2 29. a5 Bc4 $2 {Verliert sofort.} (29... Be6 30. a6 (30. Bb3 c4 31.
Ba4) 30... Bc8 $16 {[%cal Yc8b7]}) 30. Bb3 $1 $18 Bxb3 31. a6 c4 32. a7 1-0

[Event "Pamplona 9596 6th"]
[Site "Pamplona"]
[Date "1996.??.??"]
[Round "?"]
[White "Zvjaginsev, Vadim"]
[Black "Granda Zuniga, Julio E"]
[Result "0-1"]
[WhiteElo "2600"]
[BlackElo "2605"]
[Annotator "Horn,Pe"]
[PlyCount "98"]
[EventDate "1995.12.??"]
[EventType "tourn"]
[EventRounds "9"]
[EventCountry "ESP"]
[EventCategory "13"]
[SourceTitle "CBM 052"]
[Source "ChessBase"]
[SourceDate "1996.06.01"]
[SourceVersion "1"]
[SourceVersionDate "1996.06.01"]
[SourceQuality "1"]

1. Nf3 {Kortschnoj} d5 2. c4 d4 3. e3 Nc6 4. exd4 Nxd4 5. Nxd4 Qxd4 6. Nc3 c6 (
6... e5 7. d3 Ne7 8. Be2 c6 9. O-O Nf5 10. g4 $5 (10. Ne4 Be7 11. Bd2 Qb6 12.
Bc3 $10 {Suba-Ftacnik/Warsaw/1987}) 10... Nh4 11. Be3 Qd6 (11... Qd8 12. d4 h5
13. dxe5 Qxd1 14. Raxd1 Bxg4 15. Bxg4 hxg4 $17 {Filipowicz-Balashov/Warsaw/1990
}) 12. Ne4 (12. d4 h5 13. f3 Bd7 14. d5 Qg6 15. dxc6 bxc6 16. Kh1 hxg4 17. fxg4
Bb4 $17 {D.Gurevich-W.Watson/Saint John op/1988}) 12... Qg6 13. Ng3 Bd6 14. d4
(14. c5 $5 {Salov} Bc7 15. d4 e4 16. d5 $132) 14... e4 15. Qc2 Nf3+ 16. Bxf3
exf3 17. Qe4+ $1 Kf8 18. Bf4 Bxf4 19. Qxf4 Bxg4 20. Rfe1 h5 21. h4 Qf6 22. Qxf6
gxf6 $15 {Illescas Cordoba-V.Salov/Dos Hermanas/1995}) 7. d3 Nh6 $1 $146 {
Der N strebt über f5 nach d4. Den Tausch auf h6 braucht Schwarz nicht zu
fürchten, da der Bc1 die bestwirkende weiße Figur ist. Bislang versuchte
Schwarz häufig den Weg über e7 nach f5 (s.o.: Suba-Ftacnik etc.) .} 8. Be3 {
Dieser natürliche Zug hat den Nachteil, daß das geplante Nf5 mit Angriff auf
den Be3 erfolgen kann.} (8. Be2 $5 {schlug Zvjaginsev selbst später vor. Auf
einen freiwilligen Rückzug der Qd4 ist jetzt g4 möglich.} g6 (8... Nf5 9. g4 {
Das ist der Kern von Zvjaginsevs Idee: er will den N nicht nach d4 lassen.} Nh4
10. Rg1 $36 e5 (10... h5 $6 {ein vergeblicher Versuch, den weißen Aufbau zu
widerlegen.} 11. gxh5 Bh3 {Damit kann die weiße Rochade vereitelt werden.
Wegen der besseren Entwicklung und einer sicheren Zentralkontrolle scheint
Weiß aber dennoch die besseren Chancen zu erhalten.} 12. Be3 Qd6 (12... Qd7 13.
Rg3 Ng2+ 14. Kd2 Nxe3 15. fxe3 $16) 13. Rg3 Ng2+ 14. Kd2 Nxe3 15. fxe3 $16) (
10... Qe5 $2 11. f4 $16) 11. Be3 $14) 9. h3 $1 Bg7 10. g4 f5 11. Be3 Qd6 12.
Qd2 $36) 8... Qd8 {/\ Nf5} (8... Qd6 {Zvjaginsev} 9. Ne4 {/\ Ng3 unterbindet
die Drohung Nf5}) 9. Bxh6 $6 {Weiß konnte den Verlust des Läuferpaars nicht
mehr vermeiden, aber diese Art des Tauschs gibt Schwarz wertvolle Zeit. Die
Schwächung des Königsflügels kann Weiß anscheinend ohne den schwarzfeldrigen
Läufer nicht ausnutzen.} (9. d4 Nf5 10. Qd2 (10. Be2 g6) 10... g6 11. O-O-O Bg7
12. Be2 $10) 9... gxh6 10. d4 Bg7 {[%csl Rd4]} 11. d5 Qd6 $1 {Nachdem die
weiße Stellung wesentlich geschwächt ist, greift die Q mit Macht ins Geschehen
ein.} (11... O-O $6 {Zvjaginsev} 12. Bd3 $1 $14 Bxc3+ $140 $6 13. bxc3 cxd5 14.
cxd5 Qxd5 $4 15. Bxh7+ $18) 12. Rc1 $6 (12. Bd3 $2 Bxc3+ 13. bxc3 Qe5+ $19) (
12. Be2 Bf5 $17 {Zjaginsev nahm von 12.Be2 Abstand, da jetzt Schwarz mit
seinen starken Läufern das Geschehen bestimmt. Ich frage mich aber doch, ob
diese Fortsetzung nicht das kleinere Übel gewesen wäre, da er jetzt wenigstens
zur Rochade kommt.} 13. O-O O-O-O (13... Be5 14. f4 Bxf4 (14... Bg7 15. Bd3 (
15. Bf3 Qc5+ 16. Kh1 Qxc4 17. dxc6 bxc6 18. Rc1)) 15. dxc6 Bxh2+ (15... Bc8)
16. Kh1) 14. Bg4) (12. Qd2 $140 $5 {Kortschnoj} Qg6 13. Bd3 Qxg2 14. O-O-O $44)
12... Qg6 $1 {Verhindert die Entwicklung des weißen Königsflügels.} 13. Qf3 (
13. g3 $4 Bxc3+ 14. Rxc3 Qe4+ $19) 13... Qg5 14. Qe3 Be5 {[%cal Re5f4]} 15.
Qxg5 $2 (15. g3 $142 {Zvjaginsev} Qxe3+ (15... Bd4 16. Qxg5 hxg5 17. Bg2 $17)
16. fxe3 $17) 15... hxg5 16. Bd3 (16. g3 Bf5 17. Bg2 $17) 16... cxd5 17. cxd5 {
Eine wichtige Entscheidung: es ist klar, daß der Pd5 in allen möglichen
denkbaren Endspielen zur Schwäche neigt. Als Ausgleich hat Weiß aber eher
aktive Möglichkeiten. Bei der Alternative wäre Weiß auf passive Verteidigung
reduziert, was Zvjaginsev nicht so behagt.} (17. Nxd5 Be6 (17... e6 18. Nc3 Bd7
19. O-O $17) (17... Bxb2 $2 18. Rc2 Be5 19. Re2 $132) 18. Nc3 $17 (18. b3 $17))
17... Bd7 18. O-O Rc8 19. Ne4 (19. Rfe1 $6 {Zvjaginsev} f6 $1 20. Rxe5 $5 fxe5
21. Re1 $17) (19. Bb5 $2 Bxb5 20. Nxb5 Kd7 $19 {[%csl Rd5] Der Verlust des Pd5
ist auf die Dauer nicht zu vermeiden.}) 19... Rxc1 20. Rxc1 b6 (20... h6 21.
Nc5) 21. b3 $2 (21. Re1 $142 $1 {Mit diesem von Zjaginsev selbst
vorgeschlagenen Zug hätte er sein mit cxd5 eingeleites aktives Spiel besser
rechtfertigen können.} Bxb2 (21... h6 22. Nxg5) 22. Nxg5 {mit guten
Remischancen} h6 $17) 21... f5 22. Nc3 Kf7 $19 {Jetzt ist alles klar: Weiß
kann kein aktives Spiel mehr organisieren und der schwache Pd5 zusammen mit
dem Läuferpaar und dem aktiven schwarzen König garantieren Schwarz den Sieg.}
23. Nb5 Ra8 (23... a6 24. Na7 Kf6 25. Nc6 $132) 24. Rc2 a6 25. Nc7 Rc8 26. Ne6
(26. Nxa6 {Zvjaginsev} Rxc2 27. Bxc2 Bd6 {[%csl Gd6,Ra6][%cal Yf7f6,Yf6e5]} 28.
a4 Kf6 29. b4 Ke5 30. Bb3 Bc8 31. b5 Bb7 $19) 26... Kf6 (26... Rxc2 27. Bxc2
Bxe6 $4 28. dxe6+ Kxe6 $15) 27. g3 Rxc2 28. Bxc2 h6 29. Bd3 Bc8 30. f4 gxf4 31.
Nxf4 Bb7 32. Kf2 Bd6 33. Ke2 Ba3 34. Ke3 Bc8 35. Bf1 Ke5 36. Bh3 Bc1+ 37. Kf3
Bxf4 38. gxf4+ Kd4 39. Bf1 b5 40. Kg3 Bd7 41. b4 Kc3 42. Kh4 Be8 43. Be2 Bf7
44. Bh5 Bxd5 45. Bg6 Bf3 46. Bh5 Be4 47. Bf7 Bf3 48. Bh5 Bxh5 49. Kxh5 Kd4 $1 (
49... Kxb4 50. Kxh6 Ka3 51. Kg5 Kxa2 52. h4 b4 53. h5 b3 54. h6 b2 55. h7 b1=Q
56. h8=Q $132) (49... Kd4 {Kortschnoj} 50. Kxh6 e5 51. fxe5 Kxe5 $19 52. Kg5 f4
53. Kg4 Ke4 $19) 0-1

[Event "Smolensk"]
[Site "Smolensk"]
[Date "1991.??.??"]
[Round "?"]
[White "Makarov, Marat"]
[Black "Ibragimov, Ildar"]
[Result "1-0"]
[WhiteElo "2480"]
[BlackElo "2455"]
[Annotator "Horn,Pe"]
[PlyCount "105"]
[EventDate "1991.??.??"]
[EventType "tourn"]
[EventRounds "13"]
[EventCountry "URS"]
[EventCategory "4"]
[SourceTitle "CBM 024"]
[Source "ChessBase"]
[SourceDate "1991.10.01"]
[SourceVersion "1"]
[SourceVersionDate "1991.10.01"]
[SourceQuality "1"]

1. Nf3 d5 2. c4 dxc4 3. e4 e6 (3... c5 $1 4. Bxc4 Nc6 5. Bb5 (5. Nc3 e6 6. O-O
Nf6 7. d3 Be7 $13) 5... Bd7 6. Nc3 e6 7. O-O Nge7 8. d4 cxd4 9. Nxd4 a6 10. Ba4
b5 11. Bb3 Ng6 12. Nxc6 Bxc6 13. Qxd8+ Rxd8 14. Be3 Be7 15. f3 {Hier gaben
1989 in Gorki dieselben Spieler wie in der Partie remis.}) 4. Bxc4 c5 5. d4 {
Weiß hat eine recht günstige Version des angenommenen Damengambits erreicht.}
a6 (5... cxd4 6. Nxd4 $14) 6. O-O cxd4 7. Nxd4 b5 8. Bb3 Bb7 9. Nc3 Nc6 (9...
b4 10. Ba4+ Nd7 11. Nce2 Bxe4 12. Ng3 $146) 10. Nxc6 Qxd1 11. Rxd1 Bxc6 12. Be3
Nf6 (12... b4 $2 13. Ba4 Bxa4 14. Nxa4 $16) 13. f3 $14 {Es ist eine ähnliches
Endspiel wie in der Vorgängerpartie entstanden.} Be7 14. Rac1 O-O 15. Ne2 Rfc8
16. Nf4 Kf8 17. e5 Ne8 (17... Nd7 $2 18. Rxc6 Rxc6 19. Rxd7 $18) 18. Nd3 g5 19.
Kf2 h5 20. Bc5 a5 21. a3 Ng7 22. Bxe7+ Kxe7 23. Nc5 Nf5 (23... Be8 24. Nb7 $1
$16) 24. Ba2 Nh4 25. Bb1 g4 $2 (25... Ng6 $5) 26. Ne4 Bxe4 27. Bxe4 Rab8 28.
Kg3 Nf5+ 29. Bxf5 exf5 30. Kf4 Rc4+ (30... Ke6 31. Rd6+ Ke7 32. Rxc8 Rxc8 33.
Kxf5 Rc2 34. Ra6 Rxg2 35. f4 $18) 31. Kxf5 gxf3 32. gxf3 a4 33. f4 h4 34. h3
Rbc8 35. Rxc4 Rxc4 36. Rd5 b4 37. Ra5 b3 38. Ra7+ Ke8 39. Kg5 Re4 (39... Rc2
40. Rxa4 Rxb2 41. Kf6 Rd2 42. Rb4 b2 43. f5 $18) 40. f5 Rxe5 41. Rxa4 Re2 42.
Kf6 Rxb2 43. Rxh4 Ra2 44. a4 b2 45. Rb4 Rxa4 46. Rb8+ Kd7 47. Rxb2 Rf4 48. Rb7+
Ke8 49. Rb8+ Kd7 50. Rh8 Kd6 51. Rd8+ Kc7 52. Rd3 Kc6 53. h4 1-0

[Event "Olympiad-31"]
[Site "Moscow"]
[Date "1994.12.10"]
[Round "9.1"]
[White "Azmaiparashvili, Zurab"]
[Black "Stefansson, Hannes"]
[Result "1-0"]
[WhiteElo "2625"]
[BlackElo "2560"]
[Annotator "Horn,Pe"]
[PlyCount "37"]
[EventDate "1994.12.01"]
[EventType "team-swiss"]
[EventRounds "14"]
[EventCountry "RUS"]
[SourceTitle "CBM 045"]
[Source "ChessBase"]
[SourceDate "1995.04.01"]
[SourceVersion "1"]
[SourceVersionDate "1995.04.01"]
[SourceQuality "1"]
[WhiteTeam "Georgia"]
[BlackTeam "Iceland"]
[WhiteTeamCountry "GEO"]
[BlackTeamCountry "ISL"]

1. Nf3 d5 2. c4 d4 3. e3 c5 (3... Nc6 $10) 4. b4 f6 (4... dxe3 5. fxe3 cxb4 6.
Bb2) 5. bxc5 (5. exd4 cxd4 6. c5) 5... e5 6. exd4 (6. Nxe5 $2 fxe5 7. Qh5+ Ke7
8. Qxe5+ Kf7 9. Qxd4 Qxd4 10. exd4 Be7 11. Bb2 Bf6 12. Bc3 Nh6 13. f3 Nf5 $17 {
Czerwonyski-Kveinis/Warschau/1991}) 6... e4 $2 $146 (6... exd4 7. d3 Nc6 8. Be2
(8. Bb2 Bxc5 9. Nbd2 $13) (8. g3 $5) (8. Qe2+ $5 Qe7 9. Qxe7+ Bxe7 10. Ba3)
8... Bxc5 9. O-O Nge7 10. Nbd2 O-O 11. Nb3 b6 12. Rb1 a5 13. Re1 Qd6 14. Bf1
Ng6 15. Nxc5 bxc5 16. Nd2 f5 17. g3 Bd7 18. Bg2 $14 {Pirc-Kostic/YU-ch/1936})
7. Qe2 Qe7 (7... f5 8. d3 $16 (8. Bb2 $16)) 8. Ng1 Nc6 9. Bb2 Nh6 10. Na3 Bg4 (
10... Nf5 11. Nc2 $16 (11. Nb5 $5 $16)) 11. f3 exf3 12. Nxf3 O-O-O 13. Qxe7
Bxe7 14. d5 $18 Ne5 15. d6 Bf8 (15... Nxf3+ 16. gxf3 Bxf3 17. dxe7 Rhe8 18.
Bh3+ Kb8 19. O-O $18) 16. Be2 Bxf3 17. gxf3 Re8 18. Kf2 Nc6 19. Rhe1 1-0